1897 1034 1832 1660 1574 1817 1478 1078 1363 1559 1669 1414 1962 1744 1208 1260 1322 1650 1881 1738 1687 1066 1427 1078 1196 1287 1137 1492 1956 1825 1704 1268 1378 1180 1228 1714 1473 1079 1925 1690 1794 1988 1678 1029 1716 1797 1938 1447 1983 1576 1546 1126 1070 1919 1363 1117 1586 1087 1584 1898 1971 1721 1759 1225 1795 1954 1091 1359 1284 1156 1887 1804 1378 1736 1008 1262 1327 1888 1149 1829 1915 1285 1861 1166 1923 1793 1596 1281 1487 1936 1651 1475 1180 1064 1477 1274 1676 1396 1204 BCNSPRNW ULIB Ver.6.0+V

เปลี่ยนเป็นภาษาไทย

Change to English
 แสดงรายละเอียดบรรณานุกรม
  กลับหน้าหลัก

Brief Record : Get Marc (ISO 2709) : E-mail record : QR code < ปิดหน้าต่าง
LEADER : 00000nam 2200000uu 4500
001    13399120476
003     ULIB
008    120920s2551||||th 000 0 tha d
020    ^a9789746666022
060 04 ^aWB460^bน358ห 2551
100 0  ^aน้อมจิตต์ นวลเนตร์
245 10 ^aหลักการทางกายภาพบำบัดสำหรับผู้ป่วยทางระบบประสาท /^cน้อมจิตต์ นวลเนตร์
250    ^aพิมพ์ครั้งที่ 4
260    ^aขอนแก่น :^bสายวิชากายภาพบำบัด คณะเทคนิคการแพทย์มหาวิทยาลัยขอนแก่น,^c2551
300    ^a272 หน้า :^bภาพประกอบ ;^c27 ซม.
650  7 ^aกายภาพบำบัด
650  7 ^aระบบประสาท^xโรค^xกายภาพบำบัด
650  7 ^aระบบประสาท^xโรค^xการรักษา
710 2  ^aมหาวิทยาลัยขอนแก่น. ^bคณะเทคนิคการแพทย์
945    ^p0^l0^i15928
945    ^p0^l0^i15929
995    ^aกัณชพร
999 ^a ใช้งานได้ทุกระบบ
รายการนี้ยังไม่มีแท็ก
คุณยังไม่ได้ล็อกอิน คุณสามารถมีกิจกรรมร่วมกับเว็บไซต์ได้ แต่ต้องล็อกอินก่อน ::
  ล็อกอิน

รายการสื่อสารสนเทศ

ลำดับที่ ประเภท เลขเรียก/บาร์โค้ด สถานที่ สถานะ
1. วิทยาศาสตร์การแพทย์ และสุขภาพ
วิทยาศาสตร์การแพทย์ และสุขภาพ
WB460 น358ห 2551  
  Barcode: 15928
ห้องสมุดวิทยาเขตสวรรค์ประชารักษ์
►ส่วนจัดเก็บหนังสือเก่า สปร
บนชั้น
  ขอยืม
2. วิทยาศาสตร์การแพทย์ และสุขภาพ
วิทยาศาสตร์การแพทย์ และสุขภาพ
WB460 น358ห 2551 ฉ.2 
  Barcode: 15929
ห้องสมุดวิทยาเขตสวรรค์ประชารักษ์
►ส่วนจัดเก็บหนังสือเก่า สปร
บนชั้น
  ขอยืม

รายการใกล้เคียง
    ผู้แต่ง [น้อมจิตต์ นวลเนตร์]

    หัวเรื่อง [กายภาพบำบัด]

BibComment


ยังไม่เคยถูกคอมเมนท์

คอมเมนท์ทรัพยากรรายการนี้
  คอมเมนท์: หลักการทางกายภาพ..


 Copyright 2026. Bcnsprnw @Library